| 000 | 00000nam 2200000zi 4500 |
| 001 | 9.940660 |
| 003 | CaOODSP |
| 005 | 20250107144100 |
| 006 | m o d f |
| 007 | cr mn||||||||| |
| 008 | 240717s2023 onc obs f000 0 eng d |
| 020 | |z9780660691749 |
| 040 | |aCaOODSP|beng|erda|cCaOODSP |
| 043 | |an-cn--- |
| 086 | 1 |aPS83-5/R476E-PDF|zPS83-3/476E-PDF |
| 245 | 00|aRevalidation of the custody rating scale for Indigenous women offenders. |
| 264 | 1|a[Ottawa] : |bCorrectional Service Canada = Service correctionnel Canada, |c2023. |
| 300 | |a1 online resource (1 unnumbered page). |
| 336 | |atext|btxt|2rdacontent |
| 337 | |acomputer|bc|2rdamedia |
| 338 | |aonline resource|bcr|2rdacarrier |
| 490 | 1 |aResearch at a glance ; |vR-476 |
| 500 | |aCaption title. |
| 500 | |a"Changing lives. Protecting Canadians." |
| 500 | |aIncorrect catalogue number (PS83-3/476E-PDF) and ISBN (9780660691749) printed in this publication. |
| 500 | |aIssued also in French under title: Revalidation de l'échelle de classement par niveau de sécurité pour les délinquantes autochtones. |
| 504 | |aIncludes bibliographical references. |
| 520 | |a"The Custody Rating Scale (CRS) continues to hold predictive validity for Indigenous women offenders at intake"--Page [1]. |
| 650 | 5|aIndigenous prisoners|zCanada|xClassification|vStatistics. |
| 650 | 0|aWomen prisoners|zCanada|xClassification|vStatistics. |
| 650 | 5|aIndigenous prisoners|xRisk assessment|zCanada|vStatistics. |
| 650 | 0|aWomen prisoners|xRisk assessment|zCanada|vStatistics. |
| 650 | 0|aPrison discipline|zCanada|vStatistics. |
| 650 | 0|aParole revocation|zCanada|vStatistics. |
| 655 | 7|aStatistics|2lcgft |
| 710 | 1 |aCorrectional Service Canada. |bResearch Branch, |eissuing body. |
| 775 | 08|tRevalidation de l'échelle de classement par niveau de sécurité pour les délinquantes autochtones.|w(CaOODSP)9.940661 |
| 830 | #0|aResearch at a glance (Correctional Service Canada)|vR-476.|w(CaOODSP)9.506649 |
| 856 | 40|qPDF|s222 KB|uhttps://publications.gc.ca/collections/collection_2024/scc-csc/PS83-5-R476-eng.pdf |
| 856 | 4 |qHTML|sN/A|uhttps://www.canada.ca/en/correctional-service/corporate/library/research/glance/476.html |